| 000 | 01598cab a22002775a 4500 | ||
|---|---|---|---|
| 001 | L159788 | ||
| 008 | 180103e2017 xxk 000 0 eng d | ||
| 035 | _a(Sirsi) u159788 | ||
| 041 | 0 | _aeng | |
| 100 | 1 | _aHighmore, Sue | |
| 245 | 0 | 2 | _aA MEES mess |
| 490 |
_aEstates Gazette _v(1748) 2 December 2017, 68-71(4) |
||
| 520 | _aPart 1 in a series of 4 articles looking at various aspects of the Minimimum Energy Efficiency Standard Regulations (MEES) effective from 1 April 2018. The Standard requires landlords of commercial and residential properties to carry out energy efficiency improvements works before they can grant a new lease if the properties do not have a Energy Performance Certificate (EPC) Rating of E or above. In April 2020 MEES is being extended to existing lettings of residenital property and in April 2023 to existing lettings of commercial property. Flowchart sets out a series of quesitons to help landlords and property managers decide whether MEES applies to their property. Sets out penalites for non-compliance. Part 2 L159789, Part 3 L159790 and Part 4 L159794. | ||
| 590 | _aKA | ||
| 650 | 2 | 4 | _aMINIMUM ENERGY EFFICIENCY STANDARD |
| 650 | 2 | 4 | _aENERGY PERFORMANCE OF BUILDINGS (ENGLAND AND WALES) REGULATIONS 2012 |
| 650 | 2 | 4 | _aENERGY EFFICIENCY (PRIVATE RENTED PROPERTY) (ENGLAND AND WALES) REGULATIONS 2015 |
| 651 | 4 |
_aEngland and Wales _y1543- |
|
| 690 |
_aEnergy _96237 |
||
| 690 |
_aSustainability _96271 |
||
| 690 |
_aCommercial property _96227 |
||
| 690 |
_aResidential property _96266 |
||
| 700 | 1 | _aWilliams, Peter | |
| 856 | 4 | 0 |
_u _z |
| 942 | _n0 | ||
| 999 |
_c84985 _d84985 |
||